000 00249nam a2200097Ia 4500
005 20251222175817.0
008 251222s9999||||xx |||||||||||||| ||spa||
082 _aDVD0120/D89/1952
245 0 _aCantando bajo la lluvia:Singin in the rain
942 _cDVD
999 _c40352
_d40352